Megindul végre az áruüzlet a szegedi tőzsdén nincs valutaforgalom : az idén négy esetben ítélkezett a tőzsdebíróság
Elmentve itt :
| Dokumentumtípus: | Cikk |
|---|---|
| Megjelent: |
1921-04-28
|
| Sorozat: | Délmagyarország
2 No. 97 |
| Kulcsszavak: | Tőzsde Szeged, Valuta |
| Online Access: | http://dmarchiv.bibl.u-szeged.hu/44867 |
| LEADER | 00508nab a2200145 i 4500 | ||
|---|---|---|---|
| 001 | delm44867 | ||
| 005 | 20180927131930.0 | ||
| 008 | 180927s1921 hu o 0|| hun d | ||
| 040 | |a SZTE Délmagyarország Archívum |b hun | ||
| 041 | |a hun | ||
| 245 | 0 | 0 | |a Megindul végre az áruüzlet a szegedi tőzsdén |h [elektronikus dokumentum] : |b nincs valutaforgalom : az idén négy esetben ítélkezett a tőzsdebíróság |
| 260 | |c 1921-04-28 | ||
| 300 | |a 2 | ||
| 490 | 0 | |a Délmagyarország |v 2 No. 97 | |
| 695 | |a Tőzsde Szeged, Valuta | ||